Výber organizačných foriem.

Charakteristika rozhodovacej situácie a výber foriem organizácie. Základné dimenzie pre typizáciu organizačných foriem. Vývoj kritérií výberu a ich charakteristika. Rozhodnutie pre jednu organizačnú formu. Spôsob preferenčného rozhodovania a metóda scoring-u pri výbere. Vzájomná závislosť kritérií v...

Ausführliche Beschreibung

Gespeichert in:
Bibliographische Detailangaben
1. Verfasser: Thomasová, Elena
Format: Buchkapitel
Sprache:Slowakisch
Schlagworte:
Tags: Tag hinzufügen
Keine Tags, Fügen Sie das erste Tag hinzu!

MARC

LEADER 00000naa a2200000 4500
001 r010068
005 20220831082044.4
041 0 |a slo 
044 |a [CS] 
245 1 0 |a Výber organizačných foriem.  |c Elena Thomasová 
520 |a Charakteristika rozhodovacej situácie a výber foriem organizácie. Základné dimenzie pre typizáciu organizačných foriem. Vývoj kritérií výberu a ich charakteristika. Rozhodnutie pre jednu organizačnú formu. Spôsob preferenčného rozhodovania a metóda scoring-u pri výbere. Vzájomná závislosť kritérií výberu. 
610 2 0 |a štruktúra organizačná 
610 2 0 |a organizácia podniku 
610 2 0 |a rozhodovanie 
610 2 0 |a kritériá rozhodovania 
610 2 0 |a manažment 
100 1 |a Thomasová, Elena